<?xml version="1.0" encoding="UTF-8"?>
<record
    xmlns:xsi="http://www.w3.org/2001/XMLSchema-instance"
    xsi:schemaLocation="http://www.loc.gov/MARC21/slim http://www.loc.gov/standards/marcxml/schema/MARC21slim.xsd"
    xmlns="http://www.loc.gov/MARC21/slim">

  <leader>00303nam a2200097 a 4500</leader>
  <controlfield tag="005">20200930062652.0</controlfield>
  <controlfield tag="008">110610s1911                  000   spa d</controlfield>
  <datafield tag="245" ind1=" " ind2="0">
    <subfield code="a">Recolecci&#xF3;n de indicaciones del director-inspector general .........</subfield>
  </datafield>
  <datafield tag="260" ind1=" " ind2=" ">
    <subfield code="a">La Vega, Rep&#xFA;blica Dominicana,</subfield>
    <subfield code="c">1911.</subfield>
  </datafield>
  <datafield tag="999" ind1=" " ind2=" ">
    <subfield code="c">30534</subfield>
    <subfield code="d">30534</subfield>
  </datafield>
  <datafield tag="040" ind1=" " ind2=" ">
    <subfield code="a">DO-SdBNP</subfield>
  </datafield>
</record>
